| 000 | 00602pam a2200217 a 4500 | ||
|---|---|---|---|
| 020 | _c339.30 (Hard Cover) | ||
| 040 | _aDental College Lib | ||
| 041 |
_aeng _h |
||
| 082 |
_a615 _bKUT |
||
| 100 | _aKutscher, Austin H. | ||
| 245 |
_aPharmacology for the Dental Hygienist / _c. _hTextual Documents |
||
| 250 |
_a2nd ed / _b. |
||
| 260 |
_aPhiladelphia : _blea & Febiger , _c1982. |
||
| 300 |
_a304 ; _c22X29. |
||
| 365 | _a339.30 | ||
| 653 | _aPharmacology | ||
| 700 |
_aGoldberg, Michael R. _aHyman, George A. |
||
| 930 | _a994 | ||
| 999 |
_c40397 _d40397 |
||